Guess the Billie Eilish song (no hints) #6 - Statistics

General Stats
  • This quiz has been taken 1,070 times
  • The average score is 139 of 251
Answer Stats
Hint Lyrics % Correct
I
100%
you
97%
You
97%
a
95%
me
84%
when
84%
the
83%
to
81%
an
79%
don't
76%
my
75%
No
72%
no
72%
and
70%
he
69%
it
68%
go
67%
so
67%
know
66%
where
66%
can
65%
what
65%
in
64%
but
63%
for
63%
Lyrics Did
61%
On
61%
want
60%
Want
60%
can't
58%
was
58%
like
54%
let
53%
think
52%
Think
52%
too
52%
say
51%
are
49%
Had
48%
had
48%
need
48%
get
47%
him
46%
I'd
46%
made
46%
Made
46%
couldn't
45%
should
45%
Got
44%
got
44%
save
44%
take
44%
NDA
43%
up
43%
his
42%
now
42%
Now
42%
way
40%
boy
39%
I've
38%
Oh
38%
over
38%
show
38%
out
37%
saw
37%
stay
37%
'Cause
36%
far?
36%
far
36%
At
35%
down
35%
hate
35%
money
35%
party
35%
security
35%
sign
35%
been
34%
heart
34%
he's
34%
older
34%
about
33%
pretty
33%
Didn't
32%
keys
32%
limousine?
32%
stars
32%
Stars
32%
street
32%
Yeah
32%
crave
31%
Haven't
31%
seventeen
31%
since
31%
good
30%
house
30%
meet
30%
stalker
30%
walking
30%
cry
29%
Getting
29%
hard
29%
he'd
29%
here
29%
Satan
29%
took
29%
bought
28%
change
28%
gave
28%
hit
28%
Maybe
28%
Says
28%
secret
28%
new
27%
number
27%
thought
27%
future
25%
having
25%
shit
25%
career
24%
something
24%
disappear
23%
Somewhere
23%
another
22%
dark?
22%
give
22%
Under
22%
year
22%
30
21%
fun
21%
mouth
21%
enough
20%
least
20%
Once
20%
shut
20%
How'd
19%
outside
19%
sold
19%
barely
18%
Kauai
14%
No matching quizzes found
Score Distribution
Percent of People with Each Score
Percentile by Number Answered
Your Score History
You have not taken this quiz